000 01070nam a22002897a 4500
005 20111011141444.0
008 111011t xxu||||| |||| 00| 0 eng d
010 _aENG-103941
020 _a9788179860779
_c390.00
035 _aEN-87474
037 _bDBAD/PUB
040 _aDPL
_bEng
082 _a266.00882945
100 _aJoshi, Shashi
_935436
245 0 0 _aMission, religion, and caste :
_cby Shashi Joshi
_bthemes in the history of Christianity in India /
260 _aShimla
_bIndian Institute of Advanced Study
_c2010
270 _aRashtrapati Nivas
_bShimla
_e171005
300 _a188p.
_c23cm (Hb)
500 _aIncludes bibliographical references and index
610 _935431
650 _935432
651 _935433
700 1 _935434
942 _2ddc
_cEN
_h266.00882945
_mJOS
999 _c57528
_d57528